000 00454nam a22001817a 4500
005 20230523201622.0
008 230523b |||||||| |||| 00| 0 eng d
020 _a978812653187
082 _a621.56
_bMCQ-H
100 _aMcquiston:parker
245 _aHeating,Ventilating and Air conditioning Analysis and design
250 _a6th
260 _aIndia
_bWiley
_c2011
300 _a623
650 _aEngineering
700 _aMcquiston
999 _c18432
_d18432